Представление документа в формате MARC21

Поле Инд. ПП Название Значение
Тип записи a
Библиографический уровень m
001 Контрольный номер RU/LIBMSTU/259757820
005 Дата корректировки 20111215111024.4
020 00 a ISBN 0-333-98411-0
c Цена, тираж 4476-80
084 a Индекс другой классификации/Индекс ББК 81.2Англ+65.58
090 00 a Полочн. индекс 81.2Англ
x Авторский знак I-69
245 00 a Заглавие International Business: Adjusting to New Challenges and Opportunities
c Ответственность edited by F. McDonald, H. Tuselmann, C. Wheeler
260 00 a Место издания [UK]
b Издательство Palgrave
c Дата издания 2002
300 00 a Объем 318 с.
650 _4 a Основная рубрика Международный бизнес; Мировая экономика-Хрестоматии на иностранных языках
653 00 a Ключевые слова Английский язык
a Ключевые слова Английский язык для экономических специальностей
a Ключевые слова Международный бизнес
990 00 f Даты поступлений (DOS) 02.04